000 02148cam a22005414i 4500
003 PE-LiUPU
005 20250731165507.0
008 150623s r 000 0 d
020 _a1841271500
035 _a(Sirsi) i9781841271507
040 _aPE-LiUPU
_bspa
_cPE-LiUPU
_erda
049 _aPRUA
082 0 4 _a221.07
_bJ
_221
100 1 _aJackson, Bernard S.,
_eautor.
245 1 0 _aStudies in the semiotics of biblical law.
_n314 /
_cBernard S. Jackson.
264 1 _aSheffield, England :
_bSheffield Academic Press,
_c2000.
300 _a336 páginas ;
_c24 centímetros
336 _atext
_2rdacontent
337 _aunmediated
_2rdamedia
338 _avolume
_2rdacarrier
490 0 _aJournal fo the Study of the O.T. Supplement Series ;
_v314
504 _aIncluye bibliografía.
505 0 _aSome semiotic theories. -Speech acts and speech behaviour. -Wisdom-laws. -The development of legal drafting. -The written media of law. -The temporality of the law. -"Postulates" and values. -Law's internal recognition. -"Covenant renewal" and narrative structure. - Talion.
526 _aSEG44
526 _aSEG26
526 _aP151
526 _aP150
526 _aP149
526 _aP146
526 _aP145
526 _aP126
526 _aP125
526 _aP92
526 _aP75
526 _aP74
526 _aP27
526 _aP15
630 _aBiblia.
_pA.T.
_xLenguaje, estilo.
650 0 4 _aLa ley judía
_xLengua
_xHistoria
_yHasta 1500.
650 0 4 _aLey (Teología)
_xEnseñanza bíblica.
650 0 4 _aSemiótica (Derecho).
942 _2ddc
_cBOOK
949 _aRC 221.07 J 314
_wDEWEY
_c1
_i48024
_d2015-11-18
_lCCODEBUL1
_mBUL
_q2
_r0
_sY
_tBOOK
_u2015-6-24
_xTEOLOGIA
_PP35
_0COMPRA
_o.CIRCNOTE. No olvidar cambiar la fecha de devolución!!!!!!!
_o.STAFF. Colección General
994 _aC0
_bPEPRU
596 _a1
999 _aRC 221.07 J 314
_wDEWEY
_c24492
_i48024
_d24492
_f2021-11-8
_g6
_lCCODEBUL1
_mBUL
_q2
_r1
_sY
_tBOOK
_u2015-6-24
_xTEOLOGIA
_PP35
_0COMPRA
_o.CIRCNOTE. No olvidar cambiar la fecha de devolución!!!!!!!
_o.STAFF. Colección General
980 _81
_gALBERTO SANCHEZ Responsable de Automatización